Ciudades de América con nombres de ciudades españolas - Estadísticas

Estadísticas generales
  • Esta prueba ha sido intentada 3.833 veces
  • La puntuación promedio es 8 de 15
Respuestas en el mapa
Las respuestas están codificadas por una escala verde-roja en el mapa de la prueba según el % correcto abajo.
 
Estadísticas de respuestas
Respuesta % Correcto
Córdoba
86%
Barcelona
85%
Guadalajara
77%
León
73%
Granada
72%
Cartagena de Indias
71%
Mérida
71%
Toledo
71%
Cuenca
54%
Valencia
32%
Medellín
27%
Trujillo
27%
Albuquerque
15%
La Serena
5%
Nueva Gerona
4%
No se encontraron pruebas coincidentes
Distribución de puntuación
Porcentaje de gente con cada puntuación
Porcentaje por número respondido
Historial de tus puntuaciones
No has intentado esta prueba.